000 00544nam a2200193Ia 4500
005 20260415160318.0
008 008 250505s9999 xx 000 0 eng d
037 _aTextual
040 _aFEDL
_beng
_cFEDL
041 _aeng
_2eng
084 _a660 PIL
_qFEDL
100 _aPilcher Richard B
_9755589
245 0 _aWhat industry owes to chemical science
250 _a3rd
260 _aCambridge
_bW Heffer and Sons Limited
_c1945
300 _a372p.
942 _cTEXL
_h660 PIL
999 _c1321554
_d1321554